[Event "MP do 18 lat - chlopcy"]
[Site "Sypniewo"]
[Date "2022.03.25"]
[Round "7.5"]
[White "Poltorak, Sebastian"]
[Black "Grzesik, Gracjan"]
[Result "1-0"]
[BlackElo "2208"]
[WhiteElo "2303"]
[LiveChessVersion "1.4.8"]

1. e4 {[%clk 1:30:48]} c5 {[%clk 1:30:54]} 2. Nf3 {[%clk 1:31:15]} d6
{[%clk 1:30:27]} 3. c3 {[%clk 1:30:43]} Nf6 {[%clk 1:28:57]} 4. Be2
{[%clk 1:31:08]} e6 {[%clk 1:21:48]} 5. O-O {[%clk 1:30:46]} Be7 {[%clk 1:20:41]}
6. Re1 {[%clk 1:31:04]} O-O {[%clk 1:19:50]} 7. Bf1 {[%clk 1:31:25]} b6
{[%clk 1:08:49]} 8. d4 {[%clk 1:25:54]} Bb7 {[%clk 1:01:01]} 9. Nbd2
{[%clk 1:21:40]} cxd4 {[%clk 0:52:31]} 10. cxd4 {[%clk 1:21:33]} Nc6
{[%clk 0:47:39]} 11. a3 {[%clk 1:18:36]} Rc8 {[%clk 0:46:42]} 12. Bd3
{[%clk 1:12:39]} a6 {[%clk 0:40:53]} 13. b3 {[%clk 1:03:04]} b5 {[%clk 0:36:51]}
14. Bb2 {[%clk 1:02:12]} Qb6 {[%clk 0:31:08]} 15. Qe2 {[%clk 0:55:44]} d5
{[%clk 0:22:51]} 16. e5 {[%clk 0:49:01]} Nd7 {[%clk 0:21:44]} 17. h4
{[%clk 0:39:48]} Rfe8 {[%clk 0:12:37]} 18. Rac1 {[%clk 0:34:48]} b4
{[%clk 0:10:33]} 19. a4 {[%clk 0:34:09]} Nf8 {[%clk 0:08:54]} 20. Bb1
{[%clk 0:24:22]} f6 {[%clk 0:05:18]} 21. exf6 {[%clk 0:15:55]} Bxf6
{[%clk 0:04:57]} 22. Qe3 {[%clk 0:15:00]} a5 {[%clk 0:00:44]} 23. Nf1
{[%clk 0:15:15]} Ne7 {[%clk 0:00:37]} 24. Ng3 {[%clk 0:12:31]} g6
{[%clk 0:00:35]} 25. h5 {[%clk 0:11:50]} Qd6 {[%clk 0:00:37]} 26. hxg6
{[%clk 0:09:42]} hxg6 {[%clk 0:00:55]} 27. Ne5 {[%clk 0:08:25]} Nf5
{[%clk 0:00:50]} 28. Qf4 {[%clk 0:06:01]} Qb6 {[%clk 0:00:38]} 29. Rxc8
{[%clk 0:05:38]} Bxc8 {[%clk 0:00:39]} 30. Qg4 {[%clk 0:05:51]} Bxe5
{[%clk 0:00:35]} 31. Rxe5 {[%clk 0:05:50]} Kf7 {[%clk 0:00:33]} 32. Re1
{[%clk 0:04:07]} Bd7 {[%clk 0:00:32]} 33. Ne2 {[%clk 0:03:54]} Nh7
{[%clk 0:00:33]} 34. Nf4 {[%clk 0:04:06]} Rg8 {[%clk 0:00:34]} 35. Nd3
{[%clk 0:04:15]} Nf6 {[%clk 0:00:32]} 36. Ne5+ {[%clk 0:04:41]} Ke7
{[%clk 0:00:33]} 37. Qg5 {[%clk 0:04:04]} Be8 {[%clk 0:00:39]} 38. Ng4
{[%clk 0:03:50]} Rf8 {[%clk 0:00:35]} 39. Bxf5 {[%clk 0:04:11]} gxf5
{[%clk 0:00:43]} 40. Qg7+ {[%clk 0:34:37]} Rf7 {[%clk 0:30:34]} 41. Nxf6
{[%clk 0:35:04]} Qc6 {[%clk 0:25:16]} 42. Ng8+ {[%clk 0:35:28]} Kd7
{[%clk 0:25:18]} 43. Qg6 {[%clk 0:35:30]} 1-0

[Event "MP do 18 lat - chlopcy"]
[Site "Sypniewo"]
[Date "2022.03.25"]
[Round "7.6"]
[White "Czernek, Tymon"]
[Black "Redzisz, Michal"]
[Result "0-1"]
[BlackElo "2223"]
[WhiteElo "2229"]
[LiveChessVersion "1.4.8"]

1. e4 {[%clk 1:30:57]} e5 {[%clk 1:28:33]} 2. Nf3 {[%clk 1:31:23]} Nc6
{[%clk 1:28:59]} 3. Bc4 {[%clk 1:31:49]} Bc5 {[%clk 1:29:26]} 4. O-O
{[%clk 1:32:12]} Nf6 {[%clk 1:29:54]} 5. d3 {[%clk 1:32:38]} d6 {[%clk 1:30:21]}
6. c3 {[%clk 1:32:59]} a6 {[%clk 1:30:47]} 7. Bb3 {[%clk 1:33:26]} Ba7
{[%clk 1:30:39]} 8. Nbd2 {[%clk 1:33:30]} h6 {[%clk 1:30:56]} 9. Re1
{[%clk 1:32:52]} g5 {[%clk 1:31:25]} 10. Nf1 {[%clk 1:21:33]} g4 {[%clk 1:31:44]}
11. N3d2 {[%clk 1:21:47]} Nh5 {[%clk 1:32:09]} 12. Nc4 {[%clk 1:18:24]} Qf6
{[%clk 1:32:36]} 13. Be3 {[%clk 1:16:21]} Nf4 {[%clk 1:31:50]} 14. Bxa7
{[%clk 1:01:37]} Nxa7 {[%clk 1:31:49]} 15. Nce3 {[%clk 0:59:59]} Nc6
{[%clk 1:31:13]} 16. Nd5 {[%clk 0:57:42]} Nxd5 {[%clk 1:31:10]} 17. exd5
{[%clk 0:58:05]} Ne7 {[%clk 1:31:38]} 18. d4 {[%clk 0:58:15]} exd4
{[%clk 1:32:07]} 19. cxd4 {[%clk 0:58:21]} Bd7 {[%clk 1:32:35]} 20. Rc1
{[%clk 0:57:23]} Kd8 {[%clk 1:33:04]} 21. Ng3 {[%clk 0:53:09]} Qg5
{[%clk 1:10:22]} 22. Ne4 {[%clk 0:52:23]} Qg6 {[%clk 1:03:40]} 23. Qd2
{[%clk 0:51:38]} Re8 {[%clk 0:51:24]} 24. Qb4 {[%clk 0:46:54]} b6
{[%clk 0:43:51]} 25. Rxc7 {[%clk 0:30:53]} Kxc7 {[%clk 0:44:17]} 26. Rc1+
{[%clk 0:31:19]} Nc6 {[%clk 0:27:48]} 27. Ng3 {[%clk 0:31:05]} Kb7
{[%clk 0:22:40]} 28. dxc6+ {[%clk 0:19:54]} Bxc6 {[%clk 0:23:08]} 29. d5
{[%clk 0:17:21]} Bd7 {[%clk 0:22:33]} 30. Nf1 {[%clk 0:15:07]} Rac8
{[%clk 0:20:35]} 31. Rd1 {[%clk 0:14:36]} a5 {[%clk 0:10:45]} 32. Qf4
{[%clk 0:13:34]} Bb5 {[%clk 0:05:53]} 33. Nd2 {[%clk 0:12:32]} Qg5
{[%clk 0:02:49]} 34. Qxg5 {[%clk 0:07:33]} hxg5 {[%clk 0:03:16]} 35. a4
{[%clk 0:07:04]} Bd3 {[%clk 0:02:30]} 36. g3 {[%clk 0:06:51]} Re2
{[%clk 0:00:58]} 37. Nf1 {[%clk 0:06:03]} Bc2 {[%clk 0:00:42]} 38. Bxc2
{[%clk 0:06:31]} Rexc2 {[%clk 0:00:49]} 39. Ne3 {[%clk 0:06:16]} Rc1
{[%clk 0:01:09]} 40. Rxc1 {[%clk 0:35:10]} Rxc1+ {[%clk 0:31:35]} 41. Kg2
{[%clk 0:35:36]} Ra1 {[%clk 0:31:21]} 42. b3 {[%clk 0:35:13]} Rb1
{[%clk 0:31:38]} 43. Nxg4 {[%clk 0:34:28]} Rxb3 {[%clk 0:31:43]} 44. Nh6
{[%clk 0:33:08]} b5 {[%clk 0:29:41]} 45. Nxf7 {[%clk 0:33:33]} bxa4
{[%clk 0:29:30]} 46. Nxd6+ {[%clk 0:33:58]} Kc7 {[%clk 0:29:52]} 47. Ne4
{[%clk 0:33:58]} a3 {[%clk 0:29:57]} 48. d6+ {[%clk 0:34:23]} Kd8
{[%clk 0:30:25]} 49. Nc5 {[%clk 0:34:31]} Rb5 {[%clk 0:30:38]} 50. Ne6+
{[%clk 0:34:46]} Kd7 {[%clk 0:31:05]} 51. Nd4 {[%clk 0:35:12]} Rb4
{[%clk 0:31:12]} 52. Nc2 {[%clk 0:35:31]} a2 {[%clk 0:31:38]} 0-1

[Event "MP do 18 lat - chlopcy"]
[Site "Sypniewo"]
[Date "2022.03.25"]
[Round "7.7"]
[White "Niedbala, Bartlomiej"]
[Black "Gorkiewicz, Mateusz"]
[Result "1-0"]
[BlackElo "2073"]
[WhiteElo "2385"]
[LiveChessVersion "1.4.8"]

1. d4 {[%clk 1:30:59]} Nf6 {[%clk 1:30:32]} 2. c4 {[%clk 1:31:24]} e6
{[%clk 1:30:56]} 3. Nc3 {[%clk 1:31:52]} d5 {[%clk 1:31:12]} 4. cxd5
{[%clk 1:32:16]} exd5 {[%clk 1:31:33]} 5. Bg5 {[%clk 1:32:43]} Be6
{[%clk 1:31:32]} 6. e3 {[%clk 1:33:08]} Nbd7 {[%clk 1:31:45]} 7. Bd3
{[%clk 1:33:31]} h6 {[%clk 1:32:04]} 8. Bh4 {[%clk 1:33:59]} Be7 {[%clk 1:32:05]}
9. Nge2 {[%clk 1:33:45]} O-O {[%clk 1:32:03]} 10. Nf4 {[%clk 1:31:05]} a6
{[%clk 1:20:25]} 11. O-O {[%clk 1:29:09]} c5 {[%clk 1:20:08]} 12. Nxe6
{[%clk 1:28:05]} fxe6 {[%clk 1:20:30]} 13. Rc1 {[%clk 1:26:19]} Rc8
{[%clk 1:19:59]} 14. Bb1 {[%clk 1:20:08]} b5 {[%clk 1:15:32]} 15. Bg3
{[%clk 1:08:33]} Qb6 {[%clk 1:12:00]} 16. dxc5 {[%clk 0:58:36]} Nxc5
{[%clk 1:10:19]} 17. Qd4 {[%clk 0:54:48]} Rc6 {[%clk 1:02:43]} 18. Ne2
{[%clk 0:50:17]} Rfc8 {[%clk 0:49:59]} 19. Nf4 {[%clk 0:48:08]} Qd8
{[%clk 0:36:47]} 20. Ng6 {[%clk 0:36:19]} Bd6 {[%clk 0:28:08]} 21. Rcd1
{[%clk 0:28:42]} Nce4 {[%clk 0:24:49]} 22. Bxd6 {[%clk 0:26:39]} Nxd6
{[%clk 0:23:49]} 23. Ne5 {[%clk 0:24:33]} R6c7 {[%clk 0:23:41]} 24. Bg6
{[%clk 0:17:43]} Qe7 {[%clk 0:09:30]} 25. Qd3 {[%clk 0:15:08]} Qf8
{[%clk 0:08:39]} 26. Qa3 {[%clk 0:10:49]} Nc4 {[%clk 0:05:32]} 27. Nxc4
{[%clk 0:08:47]} bxc4 {[%clk 0:05:52]} 28. Qxa6 {[%clk 0:08:34]} Rc6
{[%clk 0:06:08]} 29. Qb5 {[%clk 0:08:27]} Qc5 {[%clk 0:03:01]} 30. Qa4
{[%clk 0:07:38]} Rb6 {[%clk 0:02:54]} 31. Qc2 {[%clk 0:04:20]} Qa5
{[%clk 0:01:45]} 32. b3 {[%clk 0:03:56]} c3 {[%clk 0:01:48]} 33. Rd4
{[%clk 0:04:22]} Rb4 {[%clk 0:01:28]} 34. Rd3 {[%clk 0:04:23]} Rg4
{[%clk 0:01:15]} 35. Rdd1 {[%clk 0:04:33]} Qc5 {[%clk 0:00:55]} 36. Bd3
{[%clk 0:03:59]} Rb4 {[%clk 0:00:37]} 37. a3 {[%clk 0:04:09]} Rb6
{[%clk 0:00:46]} 38. b4 {[%clk 0:04:33]} Qc7 {[%clk 0:00:44]} 39. h3
{[%clk 0:04:18]} Qa7 {[%clk 0:00:36]} 40. Ra1 {[%clk 0:33:49]} Nd7
{[%clk 0:30:34]} 41. Rfb1 {[%clk 0:27:43]} e5 {[%clk 0:17:58]} 42. a4
{[%clk 0:21:45]} e4 {[%clk 0:16:55]} 43. Be2 {[%clk 0:16:18]} Ne5
{[%clk 0:15:20]} 44. a5 {[%clk 0:13:01]} Rg6 {[%clk 0:10:25]} 45. Kh1
{[%clk 0:12:49]} Qf7 {[%clk 0:10:16]} 46. Bh5 {[%clk 0:11:04]} Nd3
{[%clk 0:07:14]} 47. Ra2 {[%clk 0:08:39]} d4 {[%clk 0:02:18]} 48. exd4
{[%clk 0:07:25]} Nf4 {[%clk 0:02:21]} 49. Bxg6 {[%clk 0:06:47]} Qxg6
{[%clk 0:02:46]} 50. Rg1 {[%clk 0:07:14]} Qf5 {[%clk 0:02:00]} 51. Kh2
{[%clk 0:04:43]} Rc6 {[%clk 0:01:49]} 52. f3 {[%clk 0:03:53]} Nd3
{[%clk 0:01:05]} 53. fxe4 {[%clk 0:03:42]} Qxe4 {[%clk 0:01:16]} 54. a6
{[%clk 0:03:58]} Qxd4 {[%clk 0:00:42]} 55. a7 {[%clk 0:04:00]} Qd6+
{[%clk 0:00:55]} 56. g3 {[%clk 0:04:17]} 1-0

[Event "MP do 18 lat - chlopcy"]
[Site "Sypniewo"]
[Date "2022.03.25"]
[Round "7.8"]
[White "Ochedzan, Tymon"]
[Black "Kaliszuk, Kamil"]
[Result "1-0"]
[BlackElo "1963"]
[WhiteElo "2308"]
[LiveChessVersion "1.4.8"]

1. e4 {[%clk 1:30:57]} e5 {[%clk 1:30:52]} 2. Nf3 {[%clk 1:31:20]} Nc6
{[%clk 1:31:16]} 3. Bb5 {[%clk 1:31:42]} a6 {[%clk 1:31:06]} 4. Ba4
{[%clk 1:31:42]} Nf6 {[%clk 1:29:04]} 5. O-O {[%clk 1:31:47]} Be7
{[%clk 1:29:19]} 6. Re1 {[%clk 1:31:24]} b5 {[%clk 1:29:36]} 7. Bb3
{[%clk 1:31:47]} O-O {[%clk 1:29:55]} 8. a4 {[%clk 1:26:13]} Bb7 {[%clk 1:26:38]}
9. d3 {[%clk 1:24:15]} d6 {[%clk 1:25:47]} 10. c3 {[%clk 1:21:07]} Nd7
{[%clk 1:14:23]} 11. Nbd2 {[%clk 1:12:21]} Nc5 {[%clk 1:13:42]} 12. Bc2 Nxa4
{[%clk 1:13:14]} 13. Bxa4 {[%clk 1:03:25]} bxa4 {[%clk 1:13:19]} 14. Nc4
{[%clk 1:01:57]} f5 {[%clk 0:55:27]} 15. Rxa4 {[%clk 0:59:06]} Kh8
{[%clk 0:49:30]} 16. Ne3 {[%clk 0:52:14]} fxe4 {[%clk 0:38:20]} 17. dxe4
{[%clk 0:51:14]} Nb8 {[%clk 0:35:59]} 18. Nd5 {[%clk 0:43:29]} Nd7
{[%clk 0:27:20]} 19. Be3 {[%clk 0:42:39]} Nf6 {[%clk 0:23:50]} 20. Nxf6
{[%clk 0:37:44]} Bxf6 {[%clk 0:23:18]} 21. Qd3 {[%clk 0:33:44]} Qd7
{[%clk 0:20:41]} 22. Ra5 {[%clk 0:31:39]} Rae8 {[%clk 0:20:22]} 23. c4 Qd8
{[%clk 0:16:56]} 24. Raa1 {[%clk 0:28:07]} g5 {[%clk 0:15:30]} 25. h3
{[%clk 0:26:42]} Rg8 {[%clk 0:14:09]} 26. Nh2 {[%clk 0:25:41]} Bc8
{[%clk 0:13:15]} 27. Qe2 {[%clk 0:24:17]} Qe7 {[%clk 0:11:36]} 28. Red1
{[%clk 0:20:09]} c5 {[%clk 0:10:41]} 29. Ra3 {[%clk 0:19:19]} Qb7
{[%clk 0:10:40]} 30. Rxd6 {[%clk 0:14:04]} Be7 {[%clk 0:10:21]} 31. Rd5
{[%clk 0:14:23]} Be6 {[%clk 0:10:15]} 32. Rxe5 {[%clk 0:12:18]} Bd6
{[%clk 0:10:07]} 33. Rxg5 {[%clk 0:11:53]} Qxe4 {[%clk 0:10:32]} 34. Rxg8+
{[%clk 0:08:41]} Rxg8 {[%clk 0:10:38]} 35. Bd4+ {[%clk 0:07:40]} Qxd4
{[%clk 0:10:58]} 36. Qxe6 {[%clk 0:08:06]} Qxb2 {[%clk 0:05:08]} 37. Rf3
{[%clk 0:05:56]} Qe5 {[%clk 0:02:06]} 38. Qxe5+ {[%clk 0:03:59]} Bxe5
{[%clk 0:02:33]} 39. Ng4 {[%clk 0:04:21]} Bd4 {[%clk 0:02:48]} 40. Ra3
{[%clk 0:32:24]} Ra8 {[%clk 0:30:32]} 41. Kf1 {[%clk 0:26:36]} a5 42. Ke2
{[%clk 0:23:08]} a4 {[%clk 0:25:34]} 43. Ne3 {[%clk 0:23:13]} Bb2
{[%clk 0:17:30]} 44. Ra2 {[%clk 0:23:03]} a3 {[%clk 0:15:43]} 45. Nd1
{[%clk 0:20:43]} Bc1 46. Ra1 a2 {[%clk 0:10:52]} 47. Kd3 {[%clk 0:16:17]} Bg5
{[%clk 0:08:17]} 48. Nc3 {[%clk 0:15:28]} Rd8+ {[%clk 0:07:02]} 49. Nd5
{[%clk 0:14:26]} Ra8 {[%clk 0:07:30]} 50. Kc2 {[%clk 0:13:23]} Bh6
{[%clk 0:07:13]} 51. Kb3 {[%clk 0:12:56]} Rg8 {[%clk 0:06:52]} 52. g3
{[%clk 0:12:32]} Rb8+ {[%clk 0:06:45]} 53. Kxa2 {[%clk 0:12:43]} Bg7
{[%clk 0:07:10]} 54. Rb1 {[%clk 0:12:27]} Ra8+ {[%clk 0:07:25]} 55. Kb3
{[%clk 0:12:52]} Bd4 {[%clk 0:07:43]} 56. f4 {[%clk 0:12:27]} Re8
{[%clk 0:08:06]} 57. Rf1 {[%clk 0:10:44]} Re2 {[%clk 0:08:23]} 58. Rf3
{[%clk 0:10:49]} Rb2+ {[%clk 0:08:37]} 59. Ka4 {[%clk 0:10:33]} Kg7
{[%clk 0:08:30]} 60. Rb3 {[%clk 0:10:12]} Ra2+ {[%clk 0:08:53]} 61. Kb5
{[%clk 0:10:18]} h5 {[%clk 0:09:00]} 62. Rf3 {[%clk 0:07:27]} Rb2+
{[%clk 0:09:23]} 63. Kc6 {[%clk 0:07:20]} Rc2 {[%clk 0:09:51]} 64. Nb6
{[%clk 0:07:09]} Rg2 {[%clk 0:09:53]} 65. Nd7 {[%clk 0:06:16]} h4
{[%clk 0:09:01]} 66. gxh4 {[%clk 0:06:17]} Rc2 {[%clk 0:09:09]} 67. Kd5 Rd2 68.
Nxc5 {[%clk 0:06:11]} Bf2+ {[%clk 0:09:58]} 69. Nd3 {[%clk 0:05:52]} 1-0

[Event "MP do 18 lat - chlopcy"]
[Site "Sypniewo"]
[Date "2022.03.25"]
[Round "7.9"]
[White "Budzisz, Adrian"]
[Black "Dalkowski, Rafal"]
[Result "1-0"]
[BlackElo "2138"]
[WhiteElo "2064"]
[LiveChessVersion "1.4.8"]

1. e4 {[%clk 1:30:57]} c5 {[%clk 1:30:51]} 2. Nf3 {[%clk 1:31:19]} g6
{[%clk 1:31:14]} 3. d4 {[%clk 1:31:45]} cxd4 {[%clk 1:31:37]} 4. Qxd4
{[%clk 1:32:06]} Nf6 {[%clk 1:31:47]} 5. e5 {[%clk 1:32:29]} Nc6 {[%clk 1:32:00]}
6. Qa4 {[%clk 1:32:53]} Nd5 {[%clk 1:32:00]} 7. Qe4 {[%clk 1:33:17]} Nb6
{[%clk 1:31:18]} 8. Nc3 {[%clk 1:33:25]} Bg7 {[%clk 1:30:51]} 9. Bf4
{[%clk 1:32:58]} d5 {[%clk 1:30:04]} 10. exd6 {[%clk 1:30:15]} Bf5
{[%clk 1:30:10]} 11. Qe3 {[%clk 1:30:24]} O-O {[%clk 1:28:46]} 12. O-O-O
{[%clk 1:29:05]} exd6 {[%clk 1:28:34]} 13. Rxd6 {[%clk 1:18:21]} Qc8
{[%clk 1:28:50]} 14. Bb5 {[%clk 1:08:35]} Nb4 {[%clk 1:22:33]} 15. Be5
{[%clk 0:46:25]} N6d5 {[%clk 1:05:00]} 16. Qd4 {[%clk 0:33:24]} Bh6+
{[%clk 0:47:48]} 17. Nd2 {[%clk 0:32:42]} Nxa2+ {[%clk 0:45:37]} 18. Kb1
{[%clk 0:32:38]} Naxc3+ {[%clk 0:44:49]} 19. bxc3 {[%clk 0:32:59]} Nc7
{[%clk 0:43:21]} 20. Bc4 {[%clk 0:27:15]} Ne8 {[%clk 0:30:42]} 21. Qh4
{[%clk 0:20:37]} Bg7 {[%clk 0:19:23]} 22. Bxg7 {[%clk 0:20:38]} Nxg7
{[%clk 0:19:06]} 23. g4 {[%clk 0:20:30]} b5 {[%clk 0:17:50]} 24. Bb3
{[%clk 0:19:07]} Bxg4 {[%clk 0:16:38]} 25. Ne4 {[%clk 0:19:03]} Nh5
{[%clk 0:13:37]} 26. Rg1 {[%clk 0:18:40]} Bf3 {[%clk 0:11:19]} 27. Nf6+
{[%clk 0:16:52]} Kh8 {[%clk 0:08:53]} 28. Qd4 {[%clk 0:16:59]} Ng7
{[%clk 0:08:36]} 29. Qf4 {[%clk 0:17:11]} Nf5 {[%clk 0:07:03]} 30. Rd3
{[%clk 0:16:44]} Qc6 {[%clk 0:06:25]} 31. Nd7 {[%clk 0:14:21]} Be4
{[%clk 0:05:49]} 32. Ne5 {[%clk 0:14:44]} Qc5 {[%clk 0:03:15]} 33. Qxe4
{[%clk 0:15:02]} Rae8 {[%clk 0:03:19]} 34. Nxf7+ {[%clk 0:12:22]} Kg7
{[%clk 0:03:47]} 35. Qb7 {[%clk 0:12:27]} Re7 {[%clk 0:03:26]} 36. Rd7
{[%clk 0:12:24]} Rfxf7 {[%clk 0:03:26]} 37. Bxf7 {[%clk 0:11:04]} Kxf7
{[%clk 0:03:55]} 38. Rxe7+ {[%clk 0:11:13]} Nxe7 {[%clk 0:04:20]} 39. Re1
{[%clk 0:11:24]} Kf6 {[%clk 0:03:35]} 40. Qd7 {[%clk 0:41:38]} Nd5
{[%clk 0:32:14]} 41. Re6+ {[%clk 0:41:48]} 1-0

[Event "MP do 18 lat - chlopcy"]
[Site "Sypniewo"]
[Date "2022.03.25"]
[Round "7.10"]
[White "Panek, Bartosz"]
[Black "Suder, Jakub"]
[Result "0-1"]
[BlackElo "2321"]
[WhiteElo "2010"]
[LiveChessVersion "1.4.8"]

1. e4 {[%clk 1:30:08]} c5 {[%clk 1:30:52]} 2. Nf3 {[%clk 1:30:22]} e6
{[%clk 1:31:16]} 3. Qe2 {[%clk 1:30:43]} Nc6 {[%clk 1:30:48]} 4. g3
{[%clk 1:31:03]} Nf6 {[%clk 1:30:52]} 5. Bg2 {[%clk 1:30:46]} Be7
{[%clk 1:31:09]} 6. O-O {[%clk 1:30:25]} O-O {[%clk 1:31:27]} 7. d3
{[%clk 1:25:11]} d6 {[%clk 1:29:17]} 8. c3 {[%clk 1:18:48]} e5 {[%clk 1:29:30]}
9. Rd1 {[%clk 1:16:50]} Re8 {[%clk 1:27:15]} 10. Nbd2 {[%clk 1:06:37]} Bf8
{[%clk 1:24:44]} 11. Nf1 {[%clk 1:01:06]} d5 {[%clk 1:24:34]} 12. h3
{[%clk 0:56:51]} Rb8 {[%clk 1:22:59]} 13. g4 {[%clk 0:54:55]} d4 {[%clk 1:22:32]}
14. c4 {[%clk 0:41:39]} b5 {[%clk 1:22:26]} 15. b3 {[%clk 0:42:06]} bxc4
{[%clk 1:22:09]} 16. bxc4 {[%clk 0:42:31]} Nd7 {[%clk 1:21:15]} 17. Bg5
{[%clk 0:34:55]} Be7 {[%clk 1:19:10]} 18. Bd2 {[%clk 0:32:25]} Nb6
{[%clk 1:18:44]} 19. Rdb1 {[%clk 0:31:04]} Qc7 {[%clk 1:17:18]} 20. Qd1
{[%clk 0:29:26]} Bd7 {[%clk 1:14:13]} 21. Ne1 {[%clk 0:28:23]} Nd8
{[%clk 1:13:02]} 22. Ng3 {[%clk 0:19:39]} g6 {[%clk 1:13:02]} 23. Ne2
{[%clk 0:17:28]} Ne6 {[%clk 1:12:04]} 24. a4 {[%clk 0:17:05]} Na8
{[%clk 1:09:54]} 25. a5 {[%clk 0:08:56]} Bg5 {[%clk 1:07:46]} 26. Bxg5
{[%clk 0:06:36]} Nxg5 {[%clk 1:07:33]} 27. Qd2 {[%clk 0:06:45]} Ne6
{[%clk 1:07:33]} 28. Nf3 {[%clk 0:07:00]} Qd6 {[%clk 1:06:13]} 29. Ng5
{[%clk 0:03:59]} Nac7 {[%clk 1:05:56]} 30. Nxe6 {[%clk 0:04:20]} Nxe6
{[%clk 1:06:10]} 31. Rf1 {[%clk 0:02:02]} g5 {[%clk 1:03:35]} 32. Rfb1
{[%clk 0:02:21]} Rxb1+ {[%clk 1:01:29]} 33. Rxb1 {[%clk 0:02:43]} Rb8
{[%clk 1:01:47]} 34. Rxb8+ {[%clk 0:00:38]} Qxb8 {[%clk 1:01:56]} 35. Ng3
{[%clk 0:00:37]} Qb4 {[%clk 1:00:48]} 36. Qa2 {[%clk 0:00:32]} Nf4
{[%clk 1:00:18]} 37. Bf1 {[%clk 0:00:32]} f6 {[%clk 0:58:54]} 38. Kh2
{[%clk 0:00:34]} Kf7 {[%clk 0:58:08]} 39. Kg1 {[%clk 0:00:32]} Ke7
{[%clk 0:57:58]} 40. Qa1 {[%clk 0:30:32]} Kd6 {[%clk 1:26:27]} 41. a6
{[%clk 0:27:33]} Kc7 {[%clk 1:25:06]} 42. Nf5 {[%clk 0:21:56]} Bxf5
{[%clk 1:25:12]} 43. exf5 {[%clk 0:22:11]} Kb6 {[%clk 1:20:33]} 44. Qd1
{[%clk 0:20:41]} Kxa6 {[%clk 1:20:22]} 45. Qf3 {[%clk 0:21:06]} Qb7
{[%clk 1:20:39]} 46. Qd1 {[%clk 0:21:32]} Kb6 {[%clk 1:18:07]} 47. Qa4
{[%clk 0:18:54]} Qc6 {[%clk 1:18:24]} 48. Qb3+ {[%clk 0:19:04]} Kc7
{[%clk 1:18:31]} 49. Qa3 {[%clk 0:19:22]} a6 {[%clk 1:16:01]} 50. Qa5+
{[%clk 0:19:48]} Kd7 {[%clk 1:16:02]} 51. Qa3 {[%clk 0:20:05]} Qb6
{[%clk 1:15:25]} 52. Qa4+ {[%clk 0:20:28]} Ke7 {[%clk 1:15:29]} 53. Qd1
{[%clk 0:20:50]} Qc6 {[%clk 1:11:58]} 54. Qe1 {[%clk 0:20:51]} Kd7
{[%clk 1:11:56]} 55. Qa5 {[%clk 0:20:43]} Kc8 {[%clk 1:11:51]} 56. Qa3
{[%clk 0:20:50]} Qd6 {[%clk 1:07:42]} 57. Qa4 {[%clk 0:20:50]} Kd8
{[%clk 1:07:59]} 58. Qa5+ {[%clk 0:20:07]} Ke7 {[%clk 1:08:07]} 59. Qe1
{[%clk 0:20:27]} Kd7 {[%clk 1:06:02]} 60. Qe4 {[%clk 0:17:57]} Qc6
{[%clk 1:06:22]} 61. Qe1 {[%clk 0:18:25]} e4 {[%clk 1:04:42]} 62. dxe4
{[%clk 0:18:02]} Qd6 {[%clk 1:04:56]} 63. e5 {[%clk 0:02:57]} Qxe5
{[%clk 1:05:10]} 64. Qd1 {[%clk 0:03:19]} Qe4 {[%clk 1:04:03]} 65. Qa4+ Qc6
{[%clk 1:04:26]} 66. Qd1 {[%clk 0:03:31]} d3 {[%clk 1:04:08]} 67. h4
{[%clk 0:02:14]} h6 {[%clk 1:04:27]} 68. hxg5 {[%clk 0:02:38]} hxg5
{[%clk 1:04:51]} 69. Qe1 {[%clk 0:01:00]} Qd6 {[%clk 1:04:32]} 70. Bxd3
{[%clk 0:00:43]} Qxd3 {[%clk 1:04:30]} 0-1

[Event "MP do 18 lat - chlopcy"]
[Site "Sypniewo"]
[Date "2022.03.25"]
[Round "7.11"]
[White "Kacprzak, Karol"]
[Black "Zabron, Maksym"]
[Result "1-0"]
[BlackElo "1934"]
[WhiteElo "2275"]
[LiveChessVersion "1.4.8"]

1. e4 {[%clk 1:30:57]} e5 {[%clk 1:28:51]} 2. Nf3 {[%clk 1:31:12]} Nc6
{[%clk 1:29:06]} 3. Bb5 {[%clk 1:31:01]} f5 {[%clk 1:29:21]} 4. d3
{[%clk 1:26:30]} fxe4 {[%clk 1:29:32]} 5. dxe4 {[%clk 1:26:35]} Nf6
{[%clk 1:29:32]} 6. Qd3 {[%clk 1:14:36]} Bc5 {[%clk 1:11:50]} 7. Nc3
{[%clk 1:02:00]} Qe7 {[%clk 1:05:15]} 8. Bg5 {[%clk 0:50:38]} Nb4
{[%clk 0:50:37]} 9. Qe2 {[%clk 0:50:09]} c6 {[%clk 0:50:55]} 10. Bc4
{[%clk 0:43:51]} a5 {[%clk 0:43:34]} 11. a3 {[%clk 0:35:39]} Na6 {[%clk 0:43:20]}
12. O-O {[%clk 0:31:37]} b5 {[%clk 0:41:56]} 13. Ba2 {[%clk 0:31:51]} d6
{[%clk 0:40:53]} 14. a4 {[%clk 0:28:49]} b4 {[%clk 0:40:39]} 15. Nd1
{[%clk 0:29:13]} Nc7 {[%clk 0:39:01]} 16. Ne3 {[%clk 0:22:46]} Ba6
{[%clk 0:34:43]} 17. Bc4 {[%clk 0:23:09]} Bxc4 {[%clk 0:35:07]} 18. Qxc4
{[%clk 0:19:50]} Qf7 {[%clk 0:31:19]} 19. Qd3 {[%clk 0:14:54]} O-O
{[%clk 0:28:28]} 20. Nc4 {[%clk 0:12:38]} Nce8 {[%clk 0:20:32]} 21. b3
{[%clk 0:07:42]} Kh8 {[%clk 0:19:11]} 22. Be3 {[%clk 0:06:10]} Nd7
{[%clk 0:12:56]} 23. Rad1 {[%clk 0:05:55]} Qh5 {[%clk 0:11:35]} 24. Rd2
{[%clk 0:03:31]} Nef6 {[%clk 0:07:30]} 25. Nxd6 {[%clk 0:02:25]} Ng4
{[%clk 0:07:51]} 26. Nf5 {[%clk 0:01:54]} Bxe3 {[%clk 0:07:07]} 27. fxe3
{[%clk 0:02:07]} Nc5 {[%clk 0:06:53]} 28. Qc4 {[%clk 0:02:11]} Nxe4
{[%clk 0:06:09]} 29. Qxe4 {[%clk 0:02:40]} Qxf5 {[%clk 0:05:32]} 30. Qxf5
{[%clk 0:02:40]} Rxf5 {[%clk 0:05:59]} 31. e4 {[%clk 0:02:41]} Rf4
{[%clk 0:02:35]} 32. Re1 {[%clk 0:02:03]} Nf6 {[%clk 0:02:05]} 33. Nxe5
{[%clk 0:02:05]} Rxe4 {[%clk 0:01:41]} 34. Rxe4 {[%clk 0:02:25]} Nxe4
{[%clk 0:02:08]} 35. Rd4 {[%clk 0:02:05]} Nc3 {[%clk 0:02:16]} 36. Rc4
{[%clk 0:01:58]} g6 {[%clk 0:01:08]} 37. Nxc6 {[%clk 0:01:23]} Rf8
{[%clk 0:01:03]} 38. g3 {[%clk 0:01:14]} Rf5 {[%clk 0:01:15]} 39. Kg2
{[%clk 0:00:59]} Nd1 {[%clk 0:00:36]} 40. Re4 {[%clk 0:30:33]} Rc5
{[%clk 0:30:37]} 41. Nd4 {[%clk 0:29:39]} Kg8 {[%clk 0:24:58]} 42. Re1
{[%clk 0:24:32]} Nc3 {[%clk 0:25:01]} 43. Re7 {[%clk 0:23:44]} Rd5
{[%clk 0:16:32]} 44. Nf3 {[%clk 0:22:18]} Rc5 {[%clk 0:10:25]} 45. Re5
{[%clk 0:19:53]} Nd5 {[%clk 0:09:49]} 46. Nd4 {[%clk 0:19:48]} Kf7
{[%clk 0:08:53]} 47. Kf2 {[%clk 0:17:00]} Kf6 {[%clk 0:08:28]} 48. Re6+
{[%clk 0:16:31]} Kf7 {[%clk 0:02:58]} 49. Rc6 {[%clk 0:16:30]} Rc3
{[%clk 0:03:24]} 50. Rxc3 {[%clk 0:12:19]} bxc3 {[%clk 0:03:35]} 51. Nc6
{[%clk 0:09:01]} Ke6 {[%clk 0:03:13]} 52. Nxa5 {[%clk 0:08:30]} Nb4
{[%clk 0:03:22]} 53. Ke3 {[%clk 0:08:34]} Nxc2+ {[%clk 0:02:36]} 54. Kd3
{[%clk 0:08:50]} Nd4 {[%clk 0:02:24]} 55. Kxc3 {[%clk 0:08:48]} Nf3
{[%clk 0:02:49]} 56. h4 {[%clk 0:08:42]} Kd5 57. Nc4 {[%clk 0:07:56]} Ng1
{[%clk 0:02:39]} 58. Kd3 {[%clk 0:08:13]} Nh3 {[%clk 0:02:57]} 1-0